| 000 | 01160nam a22002537a 4500 | ||
|---|---|---|---|
| 005 | 20090819163036.0 | ||
| 008 | 090817t xxu||||| |||| 00| 0 hin d | ||
| 010 | _aHIN-87800 | ||
| 020 |
_a8185765308 _c250.00 |
||
| 035 | _aHN-60146 | ||
| 037 | _bDBAD / PUB | ||
| 040 |
_adpl _bhn |
||
| 082 | _a808.1 | ||
| 100 | _aअग्रवाल, स्मिता | ||
| 245 |
_aचन्द्रालोक परिशीलन / _cस्मिता अग्रवाल |
||
| 246 |
_aChandralok Parisheelan _bby Seemta Aggrawal |
||
| 260 |
_aइलाहाबाद _bहिन्दुस्तानी एकेडेमी _c2009 |
||
| 270 |
_a12डी, कमला नेहरू मार्ग _bइलाहाबाद _e211001 |
||
| 300 |
_axliv,340पृ. _c22सेमी (सजिल्द) |
||
| 650 | _aकाव्यशास्त्र | ||
| 650 | _aPoetics | ||
| 942 |
_2ddc _cHN _mअग्रवा _h808.1 |
||
| 999 |
_c29306 _d29306 |
||